000 006080000a22001810004500
003 MACL
005 20160512151458.0
008 160512b xxu||||| |||| 00| 0 eng d
040 _aMACL
_cMACL
041 _aHindi
082 _a891.431
100 _aसाइफर्त, यरोस्‍लाव
_956423
245 _aकवियों की प्रेमिका
_cयरोस्‍लाव साइफर्त
260 _bहिन्‍दी बुक सेन्‍टर
_c1994
_aदिल्‍ली
350 _a75
650 _aPoetry
_956424
942 _cHIN
_k891.431/SAI/P
_2ddc
999 _c20309
_d20309